000
00218nam a22000857a 4500
008
160912b xxu||||| |||| 00| 0 eng d
100
_9
412
_a
Doshi D
245
_a
Science Today-VII
260
_a
New Delhi
_b
C.P publication
_c
2011
999
_c
3070
_d
3070